What Drives Intermediation Costs? A Case of Tennis Betting Market

Rozdiely v maržiach stávkových kancelárií. Použitie zápasových, turnajových a charakteristík hráčov vysvetľuje rozdiely v rozpätiach, ktoré sú nápomocné pri manažovaní nákladov na sprostredkovanie trhu so štátom podmienenými aktívami. Stávkové kancelárie sa chránia zvýšením kurzov na obľúbeného hráč...

Descripción completa

Guardado en:
Detalles Bibliográficos
Autor principal: Lyócsa, Štefan, 1982-
Otros Autores: Fedorko, Igor
Formato: Capítulo de libro
Lenguaje:inglés
Materias:
Etiquetas: Agregar Etiqueta
Sin Etiquetas, Sea el primero en etiquetar este registro!

MARC

LEADER 00000naa a2200000 4500
001 0225746
005 20240502083603.6
041 0 |a eng 
044 |a GB 
245 1 0 |a What Drives Intermediation Costs? A Case of Tennis Betting Market  |c Štefan Lyócsa, Igor Fedorko 
520 |a Rozdiely v maržiach stávkových kancelárií. Použitie zápasových, turnajových a charakteristík hráčov vysvetľuje rozdiely v rozpätiach, ktoré sú nápomocné pri manažovaní nákladov na sprostredkovanie trhu so štátom podmienenými aktívami. Stávkové kancelárie sa chránia zvýšením kurzov na obľúbeného hráča a zároveň odrádzajú stávkarov od stávkovania na smoliara znížením kurzov. Týmto stávkové kancelárie strácajú časť svojej marže. 
610 2 0 |a šport 
610 2 0 |a hry 
610 2 0 |a lotérie 
610 2 0 |a marža 
100 1 |a Lyócsa, Štefan, 1982- 
700 1 |a Fedorko, Igor